Movies Quiz

Random Movies or Actor Quiz
Score 0/106 Timer 17:00
0 Plays Today
Year Movie % Correct
1991The Silence of the Lambs
97.1%
1997Titanic
97.1%
1998Shakespeare in Love
95.4%
1990Dances with Wolves
95%
1994Forrest Gump
95%
1993Schindler's List
94.2%
1999American Beauty
94.2%
1995Braveheart
93.3%
1992Unforgiven
92.1%
1996The English Patient
91.7%
1990Goodfellas
89.6%
1997As Good as it Gets
89.2%
1993Philadelphia
87.9%
1998Saving Private Ryan
87.9%
1998Life is Beautiful
87.1%
1991Beauty and the Beast
85%
1994Pulp Fiction
84.2%
1990Ghost
82.9%
1997Good Will Hunting
82.9%
1996Fargo
82.1%
1993The Piano
81.3%
1992Scent of a Woman
80.8%
1999The Cider House Rules
80%
1995Dead Man Walking
79.6%
1997LA Confidential
79.2%
1992Aladdin
78.3%
1992Howards End
78.3%
1995The Usual Suspects
78.3%
1996Shine
78.3%
1994The Lion King
77.9%
1996Jerry Maguire
77.9%
1990Misery
77.5%
1994Ed Wood
77.1%
1990Reversal of Fortune
74.6%
1995Leaving Las Vegas
74.6%
1993The Fugitive
73.8%
Year Movie % Correct
1999Boys Don't Cry
73.3%
1992My Cousin Vinny
72.1%
1994Blue Sky
72.1%
1993Jurassic Park
70.8%
1995Sense and Sensibility
70.8%
1995Mighty Aphrodite
70.4%
1991City Slickers
70%
1991The Fisher King
69.6%
1991JFK
68.8%
1994Bullets Over Broadway
67.9%
1999Girl, Interrupted
67.5%
1995Apollo 13
67.1%
1999The Matrix
67.1%
1995Pocahontas
66.3%
1991Bugsy
64.2%
1998Affliction
64.2%
1996Independence Day
63.3%
1998Elizabeth
63.3%
1991Terminator 2: Judgement Day
60.4%
1990Dick Tracy
60%
1995Babe
59.6%
1997Men in Black
55.4%
1995Il Postino
55%
1991Thelma and Louise
54.6%
1997The Full Monty
52.9%
1992The Crying Game
51.7%
1996Sling Blade
50%
1999Tarzan
49.2%
1993The Age of Innocence
46.7%
1994Legends of the Fall
45.4%
1998The Prince of Egypt
45%
1994Speed
44.6%
1996Evita
44.2%
1992A River Runs Through It
42.5%
1992Dracula
41.3%
1993Mrs. Doubtfire
41.3%
Year Movie % Correct
1998Gods and Monsters
40.4%
1999Topsy Turvy
39.2%
1992Death Becomes Her
31.7%
1994The Madness of King George
30.8%
1992Indochine
30.4%
1996Emma
30.4%
1998What Dreams May Come
30%
1990Cyrano De Bergerac
28.3%
1995Restoration
27.1%
1996The Nutty Professor
26.7%
1999The Red Violin
26.7%
1999Sleepy Hollow
24.2%
1992Last of the Mohicans
22.5%
1996The Ghost and the Darkness
21.7%
1996Kolya
21.3%
1994The Adventures of Priscilla, Queen of the Desert
20%
1999All About My Mother
20%
1990The Hunt for Red October
15.8%
1996When We Were Kings
15%
1991Mediterraneo
14.2%
1994Burnt by the Sun
10%
1998The Last Days
9.2%
1997Karakter
7.9%
1999One Day in September
7.9%
1995Antonia's Line
7.1%
1994Maya Lin: A Strong Clear Vision
4.6%
1992The Panama Deception
4.2%
1995Anne Frank Remembered
4.2%
1990Journey of Hope
3.8%
1997The Long Way Home
3.8%
1990American Dream
3.3%
1993I am a Promise
3.3%
1991In the Shadow of the Stars
2.9%
1993The Age of Beauty
0.4%
Remove Ads.
Support Sporcle.
Get the best of Sporcle when you Go Orange. This ad-free experience offers more features, more stats, and more fun while also helping to support Sporcle. Thank you for becoming a member.

You're not logged in!

Compare scores with friends on all Sporcle quizzes.
OR
Log In

Show Comments

Extras

Top Quizzes Today


Score Distribution

Your Account Isn't Verified!

In order to create a playlist on Sporcle, you need to verify the email address you used during registration. Go to your Sporcle Settings to finish the process.

Report this User

Report this user for behavior that violates our Community Guidelines.

Details: